000 00735nam a2200217Ia 4500
003 GCL
008 140319s9999 xx 000 0 ara d
040 _aGCL /
_cGCL
082 0 4 _a320.01
_bل م
100 1 _aاللجنة المصرية لتضامن الشعوب ا
245 1 0 _aمصر فى عالم متغير /
_cاللجنة المصرية لتضامن الشعوب ا
260 _a[S.N] :
_bاللجنة المصرية لتضامن الشعوب الافريقية ،
_c1992
300 _a300
490 _a
650 0 4 _aمصر
650 0 4 _aالعلاقات الخارجية
650 0 4 _aالامن القومى
650 0 4 _aافريقيا
650 0 4 _aالنظام العالمى الحديث
942 _2ddc
_cBK
999 _c54555
_d54555